Quantity surveyor's pocket book (Record no. 114945)
[ view plain ]
| 000 -LEADER | |
|---|---|
| fixed length control field | 01909cam a22002055a 4500 |
| 001 - CONTROL NUMBER | |
| control field | 148525 |
| 008 - FIXED-LENGTH DATA ELEMENTS--GENERAL INFORMATION | |
| fixed length control field | 090929s2009 xxk f 000 0 eng d |
| 020 ## - INTERNATIONAL STANDARD BOOK NUMBER | |
| International Standard Book Number | 9780080943176 |
| 035 ## - SYSTEM CONTROL NUMBER | |
| System control number | (Sirsi) u157741 |
| 041 0# - LANGUAGE CODE | |
| Language code of text/sound track or separate title | eng |
| 245 00 - TITLE STATEMENT | |
| Title | Quantity surveyor's pocket book |
| Medium | [electronic resource] |
| 260 ## - PUBLICATION, DISTRIBUTION, ETC. | |
| Place of publication, distribution, etc. | London |
| Name of publisher, distributor, etc. | Butterworth Heinemann |
| Date of publication, distribution, etc. | 2009 |
| 300 ## - PHYSICAL DESCRIPTION | |
| Extent | eBook |
| 520 ## - SUMMARY, ETC. | |
| Summary, etc. | This eBook outlines all the practical skills, contractual and management techniques needed by a student studying quantity surveying in a handy-sized format for quick reference. Arming you with a complete toolbox to each project stage, this book brings together both the measurement and consultancy aspect of QS in a compact pocket book. Covering material key topics such as forecasting, measurement, estimation and contracts in the order it arises in a typical surveying project cycle ensures understanding of key processes and techniques, as well as when and how to use them. Recommended forms for reports, cost plans, final accounts and financial statements are also covered. A no-nonsense how-to approach makes this book an ideal companion to any course textbook. Perfect if you are on a quantity surveying degree, HNC/HND or 1-2 year post-graduate conversion course and require a simple guide to fundamental quantity surveying skills and procedures, also ideal if you are newly-qualified and need an on-site/on-the-job reference. This is a concise, affordable pocketbook bringing together practical, contractual and management techniques. It covers skills and processes needed at each stage of a project and is ideal if you have just qualified as a quantity surveyor and need an on-site/on-the-job reference. |
| 650 ## - SUBJECT ADDED ENTRY--TOPICAL TERM | |
| Topical term or geographic name entry element | EBOOK |
| 651 #4 - SUBJECT ADDED ENTRY--GEOGRAPHIC NAME | |
| Geographic name | ENGLAND AND WALES |
| 690 ## - LOCAL SUBJECT ADDED ENTRY--TOPICAL TERM (OCLC, RLIN) | |
| Topical term or geographic name as entry element | Quantity surveying |
| 9 (RLIN) | 6263 |
| 856 48 - ELECTRONIC LOCATION AND ACCESS | |
| Uniform Resource Identifier | <a href="https://www.vlebooks.com/">https://www.vlebooks.com/</a> |
| Public note | View on VLEbooks. Logins for members only from [email protected] |
| 942 ## - ADDED ENTRY ELEMENTS (KOHA) | |
| Suppress in OPAC | 0 |
| Withdrawn status | Lost status | Source of classification or shelving scheme | Damaged status | Not for loan | Home library | Current library | Shelving location | Date acquired | Total Checkouts | Full call number | Barcode | Date last seen | Copy number | Price effective from | Koha item type |
|---|---|---|---|---|---|---|---|---|---|---|---|---|---|---|---|
| Dewey Decimal Classification | Virtual | Virtual | Online | 24/04/2013 | ONLINE PUBLICATION | 157741-2001 | 06/08/2019 | 1 | 06/08/2019 | Book |